Statistics for All Spongebob Characters

Click here to take the quiz!

General Stats

  • This quiz has been taken 109 times
  • The average score is 15 of 37

Answer Stats

ClueAnswer% Correct
Owner of Krusty KrabMr. Krabs
98%
Burger Flipper at Krusty Krab | Lives in a PineappleSpongebob Squarepants
94%
Cashier at Krusty Krab | Plays the ClarinetSquidward Tentacles
94%
Wife ^Karen
92%
Owner of ChumBucket | Wife is a computerPlankton
92%
Snail | Spongebob's Pet | Meow's like a CatGary the Snail
90%
Squirrel from Texas | Lives in a Glass DomeSandy Cheeks
90%
Partner in Crime with Mermaid ManBarnacle Boy
89%
Teacher at the Driving School | Would be a Pufferfish in Real-LifeMrs. Puff
89%
Spongebob's Best Friend | Lives Under a rock Next to SquidwardPatrick Star
89%
Partner in Crime wtih Barnacle BoyMermaid Man
87%
Mr. Krabs Daughter | WhalePearl
84%
Lifeguard | Always Wears SunscreenLarry the Lobster
79%
Green Ghost Spirit | Lives on a Flying ShipThe Flying Dutchman
74%
Squidward's Alter Ego | Wears a Black MoustacheSquilliam Fancyson
63%
Evil Villian | Brown BubbleDirty Bubble
29%
Old Green Man w/ WalkerOld Man Jenkins
29%
News Reporter | Purple FishPerch Perkins
29%
Father of Spongebob Squarepants | Cookie FaceHarold Squarepants
27%
Female Police Officer | Purple FishOfficer Nancy
26%
Male Police Officer | Orange FishOfficer John
16%
Eugene's Mother | CrabMrs. Betsy Krabs
15%
Spongebob's Fancy CousinStanley S. Squarepants
15%
Featured in the Background of Every Episode | Green FishFred Rechid
13%
Bikini Bottom Doctor | Orange FishDr. Forrest
8%
Featured in Spongebob SquarePants MovieKing Neptune
8%
News Anchor | Bass FishElaine
6%
Wife ^Mary Jenkins
5%
Arch Rival of SpongebobMan Ray
3%
Spongebob's Mom | Cookie FaceMargret Squarepants
3%
Surfer Dude | Blue FishHarold Reginald
2%
First Customer of Spongebob's Makeshift Theme ParkMonroe
2%
Sports Reporter | Green FishNat Peterson
2%
^ Best FriendCharlie
0%
Sister ^ | Orange FishSadie Rechid
0%
Common Customer of the Krusty Krab | Blue FishScooter Rechid
0%
Spongebob's Talkative Classmates | Orange FishTina Fran
0%

Score Distribution

Percentile by Number Answered

Percent of People with Each Score

Your Score History

You have not taken this quiz